LEADER 01107nam0-2200313---450- 001 990010035080403321 005 20160203114516.0 035 $a001003508 035 $aFED01001003508 035 $a(Aleph)001003508FED01 035 $a001003508 100 $a20160203d1982----km-y0itay50------ba 101 0 $amul 102 $aIT 105 $aa-------101yy 200 1 $aSesto congresso internazionale sulle murature in mattoni$eRoma 16-19 maggio 1982$fANDIL - Associazione Nazionale degli Industriali dei Laterizi 210 $aRoma$cLaterconsult$d1982 215 $aXCV, 1656 p.$cill.$d26 cm 300 $aTesto in italiano, inglese, francese, tedesco 300 $aIn testa al frontespizio : 6.th I. B. Ma. C., 6.th International Brick Masonry Conference 510 1 $aSixth international brick masonry conference 510 1 $aSixieme congres international sur la maconnerie en briques 510 1 $aSechste internationale Mauerwerkskonferenz 801 0$aIT$bUNINA$gRICA$2UNIMARC 901 $aBK 912 $a990010035080403321 952 $aTRONC 110$fDARPU 959 $aDARPU 997 $aUNINA